书目信息 |
| 题名: |
数字图像处理技术及应用
|
|
| 作者: | 张丰收 , 宋卫东 , 李振伟 主编 | |
| 分册: | ||
| 出版信息: | 北京 中国水利水电出版社 2015 |
|
| 页数: | 397页 | |
| 开本: | 26cm | |
| 丛书名: | ||
| 单 册: | ||
| 中图分类: | TN911.73 | |
| 科图分类: | ||
| 主题词: | 数字图象处理--Shu Zi Tu Xiang Chu Li | |
| 电子资源: | ||
| ISBN: | 978-7-5170-2421-7 | |
| 000 | 01043nam0 22002771 450 | |
| 001 | 0101082443 | |
| 005 | 20161201144635.34 | |
| 010 | @a978-7-5170-2421-7@dCNY86.00 | |
| 100 | @a20150528d2015 em y0chiy50 ea | |
| 101 | 0 | @achi |
| 102 | @aCN@b110000 | |
| 105 | @aak a 000yy | |
| 106 | @ar | |
| 200 | 1 | @a数字图像处理技术及应用@AShu Zi Tu Xiang Chu Li Ji Shu Ji Ying Yong@f张丰收, 宋卫东, 李振伟主编 |
| 210 | @a北京@c中国水利水电出版社@d2015 | |
| 215 | @a397页@c图@d26cm | |
| 300 | @a河南科技大学教材出版基金资助 | |
| 320 | @a有书目 (第397页) | |
| 330 | @a本书共分为13章, 主要内容包括绪论、数字图像处理的基本原理、图像变换、图像增强、图像恢复与重建、图像压缩编码、图像分割、图像表示与描述、图像匹配与模式识别、医学图像配准与融合、医学图像可视化等。 | |
| 606 | 0 | @a数字图象处理@AShu Zi Tu Xiang Chu Li |
| 690 | @aTN911.73@v5 | |
| 701 | 0 | @a张丰收@AZhang Feng Shou@4主编 |
| 701 | 0 | @a宋卫东@ASong Wei Dong@4主编 |
| 701 | 0 | @a李振伟@ALi Zhen Wei@4主编 |
| 801 | 0 | @aCN@bTANGWEI@c20161128 |
| 905 | @b0951520-3@dTN911.73@e157@f4 | |
| 数字图像处理技术及应用/张丰收, 宋卫东, 李振伟主编.-北京:中国水利水电出版社,2015 |
| 397页:图;26cm |
| 河南科技大学教材出版基金资助 |
| ISBN 978-7-5170-2421-7:CNY86.00 |
| 本书共分为13章, 主要内容包括绪论、数字图像处理的基本原理、图像变换、图像增强、图像恢复与重建、图像压缩编码、图像分割、图像表示与描述、图像匹配与模式识别、医学图像配准与融合、医学图像可视化等。 |
| ● |
| 相关链接 |
|
|
|
|
正题名:数字图像处理技术及应用
索取号:TN911.73/157
 
预约/预借
| 序号 | 登录号 | 条形码 | 馆藏地/架位号 | 状态 | 备注 |
| 1 | 0951520 | 209515201 | 第二样本阅览室/ [索取号:TN911.73/157] | 在馆 | |
| 2 | 0951521 | 209515210 | 第三借阅区/ [索取号:TN911.73/157] | 在馆 | |
| 3 | 0951522 | 209515229 | 第三借阅区/ [索取号:TN911.73/157] | 在馆 | |
| 4 | 0951523 | 209515238 | 第三借阅区/ [索取号:TN911.73/157] | 在馆 |